| 000 | 00670nam a2200181Ia 4500 | ||
|---|---|---|---|
| 008 | 151018s9999 xx 000 0 und d | ||
| 082 |
_bRBASDV62871 _a330 |
||
| 100 | _aचाणक्य | ||
| 245 | _aकौटिलीय अर्थशास्त्र | ||
| 250 | _b1 | ||
| 260 |
_bमहाराष्ट्र राज्य साहित्य संस्कुती मंडळ मुंबई _c1982 |
||
| 300 | _a683 | ||
| 600 | _aचाणक्य | ||
| 630 | _aकौटिलीय अर्थशास्त्र | ||
| 700 | _aचाणक्य | ||
| 730 | _aकौटिलीय अर्थशास्त्र | ||
| 942 | _cBOOK | ||
| 999 |
_c1055216 _d1055213 |
||